[Event "Kieler Open 2018-A"]
[Site "Kiel"]
[Date "2018.08.03"]
[Round "9.26"]
[White "Ghadimi, Mohammed Reza"]
[Black "Beeck, Mats"]
[Result "1-0"]
[WhiteElo "2108"]
[BlackElo "2120"]
[Annotator "PH"]
[PlyCount "141"]
[EventDate "2018.??.??"]

1. e4 e5 2. Nf3 Nc6 3. Bb5 a6 4. Ba4 d6 5. d4 b5 6. Bb3 Nxd4 7. Nxd4 exd4 8.
Bd5 Rb8 9. Bc6+ Bd7 10. Bxd7+ Qxd7 11. Qxd4 Nf6 12. O-O Be7 13. Nc3 c5 14. Qd3
O-O 15. Rd1 Qe6 16. Nd5 Nxd5 17. Qxd5 Qxd5 18. Rxd5 Bf6 19. Be3 Bxb2 20. Rad1
c4 21. Rxd6 Ra8 22. R1d5 Rfe8 23. f3 Ba3 24. Bc5 b4 25. Rd7 a5 26. Bd4 a4 27.
Rc7 Rec8 28. Rdd7 Rxc7 29. Rxc7 Rd8 30. Rxc4 b3 31. axb3 Rxd4 32. Rxd4 Bc5 33.
bxa4 Bxd4+ 34. Kf1 Kf8 35. Ke2 Ke7 36. Kd3 Bg1 37. h3 Kd6 38. Kc4 Kc6 39. a5 h5
40. g4 h4 41. f4 Be3 42. f5 f6 43. c3 Bf4 44. a6 Bb8 45. Kb4 Ba7 46. Kc4 Bc5
47. Kd3 Kb6 48. Kc4 Kc6 49. Kd3 Kb5 50. e5 Kxa6 51. Kc4 Be7 52. Kd5 Kb6 53. Ke6
fxe5 54. Kxe5 Kc6 55. Ke6 Bf6 56. Kf7 Kd5 57. Kg6 Ke4 58. c4 Kf4 59. c5 Kg3 60.
g5 Be5 61. f6 gxf6 62. gxf6 Bxf6 63. Kxf6 Kxh3 64. c6 Kg2 65. c7 h3 66. c8=Q h2
67. Qg8+ Kh1 68. Kg5 Kg2 69. Kh4+ Kf1 70. Qf7+ Kg1 71. Kg3 1-0

[Event "Kieler Open 2018-A"]
[Site "Kiel"]
[Date "2018.08.03"]
[Round "9.27"]
[White "Dittmann, Hans-Adolf"]
[Black "Dengla, Aarav"]
[Result "1/2-1/2"]
[WhiteElo "2102"]
[BlackElo "1805"]
[Annotator "PH"]
[PlyCount "62"]
[EventDate "2018.??.??"]

1. e4 e5 2. Nf3 Nf6 3. Nc3 Bb4 4. Bc4 Bxc3 5. dxc3 d6 6. Bg5 h6 7. Bh4 Bg4 8.
h3 Bh5 9. g4 Bg6 10. Nd2 Nbd7 11. Qe2 c6 12. O-O-O Qc7 13. f3 b5 14. Bb3 a5 15.
a4 bxa4 16. Bxa4 Nc5 17. Bb3 Nxb3+ 18. cxb3 O-O 19. Bxf6 gxf6 20. h4 d5 21. h5
Bh7 22. Qe3 Kg7 23. Nf1 Qb7 24. Rg1 Qxb3 25. Ng3 d4 26. Nf5+ Bxf5 27. gxf5+ Kh7
28. Qd2 c5 29. Rg2 dxc3 30. Qxc3 a4 31. Rdg1 Qxc3+ 1/2-1/2

[Event "Kieler Open 2018-A"]
[Site "Kiel"]
[Date "2018.08.03"]
[Round "9.28"]
[White "Quiring, Nikolai"]
[Black "Oltmanns, Marc"]
[Result "0-1"]
[WhiteElo "2006"]
[BlackElo "1698"]
[Annotator "PH"]
[PlyCount "100"]
[EventDate "2018.??.??"]

1. d4 Nf6 2. c4 e6 3. Nc3 Bb4 4. Qc2 O-O 5. e4 d5 6. e5 Ne4 7. a3 Bxc3+ 8. bxc3
c5 9. Bb2 cxd4 10. cxd4 f6 11. Bd3 fxe5 12. Bxe4 dxe4 13. dxe5 Qh4 14. g3 Qg4
15. Qe2 Qf5 16. g4 Qf4 17. h4 Nc6 18. Nh3 Qf3 19. Qxf3 Rxf3 20. O-O-O h6 21.
Rde1 b6 22. Rxe4 Bb7 23. Rh2 Rd8 24. Re3 Na5 25. Rc3 Rxc3+ 26. Bxc3 Nxc4 27.
Nf4 Kf7 28. g5 hxg5 29. hxg5 Be4 30. Rh4 Bf5 31. g6+ Kg8 32. a4 Rc8 33. Kd1 {=}
33... Ne3+ 34. fxe3 Rxc3 35. Ng2 Bxg6 36. Rd4 Rd3+ 37. Ke2 Rxd4 38. exd4 Bc2
39. Nf4 Kf7 40. a5 bxa5 41. Kd2 Bb3 42. Kc3 a4 43. Kb4 a5+ 44. Ka3 g5 45. Ne2
Kg6 46. Ng3 g4 47. Ne4 Kf5 48. Ng3+ Kf4 49. Ne2+ Ke3 50. d5 Bxd5 0-1

[Event "Kieler Open 2018-A"]
[Site "Kiel"]
[Date "2018.08.03"]
[Round "9.29"]
[White "Bahlo, Jens"]
[Black "Hu, Yik Kwan"]
[Result "0-1"]
[WhiteElo "1973"]
[BlackElo "1504"]
[Annotator "PH"]
[PlyCount "28"]
[EventDate "2018.??.??"]

1. e4 c6 2. d4 d5 3. e5 Bf5 4. Nd2 e6 5. Nb3 Nd7 6. Be3 c5 7. dxc5 Nxe5 8. Nf3
Nxf3+ 9. Qxf3 Nf6 10. Bb5+ Nd7 11. c4 Be4 12. Qf4 g5 13. Qe5 Rg8 14. c6 Nxe5
0-1

[Event "Kieler Open 2018-A"]
[Site "Kiel"]
[Date "2018.08.03"]
[Round "9.30"]
[White "Isler, Benjamin"]
[Black "Boyens, Birger"]
[Result "0-1"]
[WhiteElo "1885"]
[BlackElo "1935"]
[Annotator "PH"]
[PlyCount "52"]
[EventDate "2018.??.??"]

1. e4 c5 2. d4 e6 3. d5 Nf6 4. dxe6 fxe6 5. e5 Nd5 6. Bd3 g6 7. c4 Nb4 8. Bf4
Bg7 9. h4 O-O 10. Bg3 d6 11. Nc3 dxe5 12. Be4 N8c6 13. h5 Qxd1+ 14. Rxd1 Nd4
15. hxg6 h6 16. Nf3 Nbc2+ 17. Bxc2 Nxc2+ 18. Kd2 Nd4 19. Nxe5 b6 20. Nf7 Nf5
21. Bf4 Bb7 22. Rh2 Ne7 23. Bxh6 Nxg6 24. Nd6 Rxf2+ 25. Kd3 Ne5+ 26. Ke3 Ng4+
0-1

[Event "Kieler Open 2018-A"]
[Site "Kiel"]
[Date "2018.08.03"]
[Round "9.31"]
[White "Hoffmann, Joachim"]
[Black "Liu, Mide"]
[Result "1/2-1/2"]
[WhiteElo "1911"]
[BlackElo "1655"]
[Annotator "PH"]
[PlyCount "81"]
[EventDate "2018.??.??"]

1. e4 c5 2. d4 cxd4 3. c3 dxc3 4. Nxc3 Nc6 5. Nf3 e6 6. Bc4 a6 7. a4 Nge7 8.
O-O Ng6 9. Qe2 Bb4 10. Be3 O-O 11. Bb3 b6 12. Nd2 Bc5 13. Rfd1 Nd4 14. Bxd4
Bxd4 15. Nf3 Bxc3 16. bxc3 Qc7 17. Qe3 Bb7 18. h4 h5 19. Rac1 Qf4 20. Re1 Qxe3
21. Rxe3 Kh8 22. g3 f5 23. exf5 Rxf5 24. Nd4 Rc5 25. Bd1 Rac8 26. f4 b5 27.
axb5 axb5 28. Nb3 R5c7 29. Bxh5 Ne7 30. Be2 Nd5 31. Re5 Rxc3 32. Rxc3 Rxc3 33.
Nd4 Rxg3+ 34. Kh2 Re3 35. Bxb5 Rxe5 36. fxe5 Bc8 37. Kg3 Kg8 38. Nb3 Kf8 39.
Nc5 Nb6 40. Ne4 Bb7 41. Nc5 1/2-1/2

[Event "Kieler Open 2018-A"]
[Site "Kiel"]
[Date "2018.08.03"]
[Round "9.33"]
[White "Schmidt, Peter"]
[Black "Marcussen, Claus"]
[Result "1-0"]
[WhiteElo "1932"]
[BlackElo "1736"]
[Annotator "PH"]
[PlyCount "73"]
[EventDate "2018.??.??"]

1. e4 d5 2. exd5 Qxd5 3. Nf3 Bg4 4. Be2 Nc6 5. h3 Bh5 6. d4 e6 7. O-O h6 8. c4
Qd7 9. d5 exd5 10. cxd5 Nce7 11. Nc3 Nf6 12. Ne5 Bxe2 13. Qxe2 Qd6 14. Qb5+ c6
15. Qxb7 Rb8 16. Nc4 Qb4 17. Qxb4 Rxb4 18. Nd6+ Kd7 19. Nxf7 Rg8 20. a3 Rb8 21.
Ne5+ Kd6 22. Nxc6 Nxc6 23. dxc6 Kxc6 24. b4 Bd6 25. Be3 Be5 26. Rac1 Kb7 27. f4
Bxc3 28. Rxc3 Nd5 29. Rd3 Nxe3 30. Rxe3 Rbc8 31. Re7+ Rc7 32. Rfe1 Rgc8 33. Kf2
Kb6 34. Rxc7 Rxc7 35. Re3 Kb5 36. Kf3 a5 37. Re5+ 1-0

[Event "Kieler Open 2018-A"]
[Site "Kiel"]
[Date "2018.08.03"]
[Round "9.34"]
[White "Günther, Emil"]
[Black "Basey, Matthew"]
[Result "1/2-1/2"]
[WhiteElo "1601"]
[BlackElo "1889"]
[Annotator "PH"]
[PlyCount "69"]
[EventDate "2018.??.??"]

1. c4 e6 2. Nf3 f5 3. d4 Nf6 4. Nc3 Be7 5. Qc2 O-O 6. Bg5 b6 7. O-O-O Bb7 8.
Bxf6 Bxf6 9. e4 fxe4 10. Nxe4 Nc6 11. d5 exd5 12. cxd5 Ne7 13. Bc4 Kh8 14. Kb1
b5 15. Bb3 Rc8 16. Qd3 a6 17. h4 Qe8 18. h5 c5 19. dxc6 Rxc6 20. Nd6 Rxd6 21.
Qxd6 Bxf3 22. gxf3 Nf5 23. Qxd7 Qe5 24. Qd2 Nd4 25. f4 Qf5+ 26. Bc2 Nxc2 27.
Qxc2 Qxf4 28. Qd2 Qe5 29. f4 Qe4+ 30. Ka1 h6 31. Qd6 Rc8 32. Rhe1 Bxb2+ 33.
Kxb2 Qc2+ 34. Ka1 Qc3+ 35. Kb1 1/2-1/2

[Event "Kieler Open 2018-A"]
[Site "Kiel"]
[Date "2018.08.03"]
[Round "9.35"]
[White "Strätker, Sebastian"]
[Black "Kunkel, Wolfgang"]
[Result "1-0"]
[WhiteElo "1887"]
[BlackElo "1681"]
[Annotator "PH"]
[PlyCount "43"]
[EventDate "2018.??.??"]

1. Nf3 Nc6 2. d4 d5 3. c4 e5 4. cxd5 Bb4+ 5. Bd2 Bxd2+ 6. Qxd2 e4 7. dxc6 exf3
8. cxb7 Bxb7 9. exf3 Ne7 10. Nc3 O-O 11. Bd3 Re8 12. O-O c5 13. dxc5 Qc7 14.
Qc2 Rac8 15. Bxh7+ Kh8 16. Be4 Ba6 17. Rfd1 f5 18. Bxf5 Nxf5 19. Qxf5 Rf8 20.
Qh5+ Kg8 21. Ne4 Rce8 22. Ng5 1-0

[Event "Kieler Open 2018-A"]
[Site "Kiel"]
[Date "2018.08.03"]
[Round "9.36"]
[White "Werner, René"]
[Black "Wu, Sitang"]
[Result "1-0"]
[WhiteElo "1856"]
[BlackElo "1403"]
[Annotator "PH"]
[PlyCount "121"]
[EventDate "2018.??.??"]

1. c4 e5 2. g3 Bc5 3. Bg2 Ne7 4. Nc3 Nbc6 5. Nf3 d6 6. O-O O-O 7. a3 a5 8. e3
Bf5 9. d4 Bb6 10. Na4 Ba7 11. b3 Bg4 12. d5 e4 13. dxc6 Nxc6 14. Bb2 exf3 15.
Bxf3 Bxf3 16. Qxf3 Qg5 17. h4 Qg6 18. h5 Qh6 19. Kg2 Rab8 20. Rh1 Ne5 21. Qf5
f6 22. Rh4 b5 23. cxb5 Qg5 24. Qe6+ Nf7 25. Rg4 Rbe8 26. Qc4 Qf5 27. h6 g6 28.
Rf4 d5 29. Qc3 d4 30. exd4 Qd5+ 31. Qf3 Qxb5 32. Rxf6 Ng5 33. Qc6 Qd3 34. Qd5+
Nf7 35. Nc5 Bxc5 36. Qxc5 Qe4+ 37. Kg1 Qe2 38. Bc3 Nd6 39. Qd5+ Kh8 40. Rxf8+
Rxf8 41. Qe5+ Qxe5 42. dxe5 Ne4 43. Bd4 Rd8 44. Be3 Kg8 45. Rc1 Rd7 46. Kg2 Re7
47. f3 Nxg3 48. Kxg3 Rxe5 49. Bf4 Rb5 50. b4 g5 51. Bxc7 axb4 52. axb4 Rxb4 53.
Rc5 Rb7 54. Rxg5+ Kf8 55. Rg7 Rb5 56. Rxh7 Kg8 57. Rd7 Rg5+ 58. Kh4 Rf5 59. f4
Kh8 60. Be5+ Rxe5 61. fxe5 1-0

[Event "Kieler Open 2018-A"]
[Site "Kiel"]
[Date "2018.08.03"]
[Round "9.37"]
[White "Easwaralingam, Janith"]
[Black "Bungarten, Jona"]
[Result "1/2-1/2"]
[WhiteElo "1792"]
[BlackElo "1546"]
[Annotator "PH"]
[PlyCount "45"]
[EventDate "2018.??.??"]

1. e4 e5 2. Bc4 Nf6 3. d3 d5 4. exd5 Nxd5 5. Nc3 Nxc3 6. bxc3 Bd6 7. Nf3 h6 8.
h3 O-O 9. O-O Nd7 10. Nd2 Nb6 11. Bb3 c6 12. Ne4 Bc7 13. Qh5 Qe7 14. Bg5 hxg5
15. Nxg5 Bf5 16. g4 Bd8 17. Nxf7 Rxf7 18. Bxf7+ Qxf7 19. Qxf5 Qxf5 20. gxf5 Kf7
21. f4 exf4 22. Rxf4 Nd5 23. Rf3 1/2-1/2

[Event "Kieler Open 2018-A"]
[Site "Kiel"]
[Date "2018.08.03"]
[Round "9.39"]
[White "Tang, Zijie"]
[Black "Bücker, Timo"]
[Result "1-0"]
[WhiteElo "1519"]
[BlackElo "1801"]
[Annotator "PH"]
[PlyCount "103"]
[EventDate "2018.??.??"]

1. d4 Nc6 2. e4 d5 3. e5 f6 4. f4 Nh6 5. Nf3 Bf5 6. Bd3 Be4 7. Nc3 Nf5 8. Nxe4
dxe4 9. Bxe4 Nfxd4 10. Nxd4 Nxd4 11. Be3 c5 12. c3 Nc6 13. Qh5+ g6 14. Bxg6+
hxg6 15. Qxg6+ Kd7 16. O-O-O+ Kc7 17. Rxd8 Rxd8 18. Bxc5 fxe5 19. fxe5 Bh6+ 20.
Kb1 Bf4 21. h3 Bxe5 22. Qe4 Bf6 23. Re1 Rh4 24. Qc2 Rc4 25. Bg1 b5 26. a3 Ne5
27. Bh2 Rd5 28. Rd1 Rxd1+ 29. Qxd1 Re4 30. Qd5 Re1+ 31. Ka2 a6 32. Qc5+ Kd7 33.
Qa7+ Ke8 34. Qxa6 Kf8 35. Qxb5 Re3 36. Bxe5 Rxe5 37. Qd3 Kf7 38. g4 Ke6 39.
Qc4+ Kd6 40. a4 Rc5 41. Qf4+ Ke6 42. Kb3 Bg5 43. Qd4 Re5 44. Qb6+ Kf7 45. a5
Be3 46. Qb4 Re6 47. Qc4 Kf6 48. h4 Re5 49. a6 Rc5 50. Qe4 Re5 51. Qxe3 Rxe3 52.
a7 1-0

[Event "Kieler Open 2018-A"]
[Site "Kiel"]
[Date "2018.08.03"]
[Round "9.40"]
[White "Gerigk, Daniel"]
[Black "Nottenkämper, Franz-Ludwig"]
[Result "1-0"]
[WhiteElo "1690"]
[BlackElo "1823"]
[Annotator "PH"]
[PlyCount "53"]
[WhiteTeam "Bonn"]
[BlackTeam "TV Mehrhoog"]

1.e4 d6 2.d4 Nf6 3.Nc3 g6 4.Be3 Bg7 5.Qd2 O-O 6.f3 Nbd7 7.O-O-O e5 8.Bc4 Nb6 
9.Bb3 Re8 10.Nge2 Be6 11.d5 Bd7 12.g4 Re7 13.h4 h5 14.gxh5 Nxh5 15.Rdg1 a6 
16.Ng3 Nxg3 17.Rxg3 c6 18.h5 gxh5 19.Rhg1 f6 20.Bh6 Qf8 21.Qg2 Bg4 22.Bxg7 Qxg7 
23.fxg4 Qh6+ 24.g5 fxg5 25.Rxg5+ Rg7 26.dxc6+ Kh7 27.cxb7 1-0

[Event "Kieler Open 2018-A"]
[Site "Kiel"]
[Date "2018.08.03"]
[Round "9.42"]
[White "Rohmann, Volker"]
[Black "Wenske, Hardy"]
[Result "1/2-1/2"]
[WhiteElo "1789"]
[BlackElo "1725"]
[Annotator "PH"]
[PlyCount "20"]
[EventDate "2018.??.??"]

1. e4 d5 2. exd5 Qxd5 3. Nc3 Qd8 4. Nf3 Nf6 5. h3 e6 6. Bc4 Be7 7. O-O O-O 8.
d3 a6 9. a4 Nbd7 10. Bf4 Nb6 1/2-1/2

[Event "Kieler Open 2018-A"]
[Site "Kiel"]
[Date "2018.08.03"]
[Round "9.43"]
[White "Lin, Ze Jun"]
[Black "Witt, Holger"]
[Result "1/2-1/2"]
[WhiteElo "1528"]
[BlackElo "1579"]
[Annotator "PH"]
[PlyCount "80"]
[EventDate "2018.??.??"]

1. e4 c5 2. Nf3 a6 3. c3 e6 4. d4 d5 5. exd5 exd5 6. Be2 Nc6 7. O-O Nf6 8. Bg5
h6 9. Bxf6 Qxf6 10. dxc5 Be6 11. Qb3 Rb8 12. Qa3 Be7 13. Nbd2 O-O 14. Nb3 Bg4
15. h3 Be6 16. Nfd4 Bd7 17. Rad1 Qg5 18. Kh1 Ne5 19. f4 Qg3 20. fxe5 Bxh3 21.
Bf3 Bg5 22. Ne2 Bxg2+ 23. Bxg2 Qh4+ 24. Bh3 Qxh3+ 25. Kg1 Be3+ 26. Rf2 Qg4+ 27.
Kf1 Qh3+ 28. Kg1 Qg4+ 29. Kf1 Qh3+ 30. Kg1 Bxf2+ 31. Kxf2 Qh2+ 32. Ke1 Qxe5 33.
Nbd4 Qe4 34. Kf2 Rfe8 35. Rg1 Re5 36. Qb3 Qh4+ 37. Kf1 Rbe8 38. Qc2 Qh3+ 39.
Kf2 Qh4+ 40. Kf1 Qh3+ 1/2-1/2

[Event "Kieler Open 2018-A"]
[Site "Kiel"]
[Date "2018.08.03"]
[Round "9.44"]
[White "Hoppe, Marc"]
[Black "Salwasser, Christian"]
[Result "1/2-1/2"]
[WhiteElo "1723"]
[BlackElo "1718"]
[Annotator "PH"]
[PlyCount "91"]
[EventDate "2018.??.??"]

1. c4 c5 2. g3 e6 3. Bg2 Nf6 4. Nc3 d5 5. cxd5 exd5 6. d3 Be7 7. Nh3 O-O 8. Nf4
d4 9. Ncd5 Nc6 10. O-O Nxd5 11. Nxd5 Bd6 12. Bf4 Re8 13. Qd2 Be6 14. Bxd6 Qxd6
15. Nf4 Bg4 16. f3 Bd7 17. Rfe1 Qe5 18. Kf2 Nb4 19. Qc1 Rac8 20. a3 Nc6 21. e4
dxe3+ 22. Rxe3 Qxe3+ 23. Qxe3 Rxe3 24. Kxe3 Nd4 25. Rc1 Re8+ 26. Kf2 b6 27. Re1
Rxe1 28. Kxe1 Bc6 29. Kf2 Kf8 30. Ne2 Nxe2 31. Kxe2 Ke7 32. Ke3 Ke6 33. Bh3+ f5
34. Kf4 g6 35. g4 fxg4 36. fxg4 Bb5 37. Bf1 Kf6 38. h4 a5 39. b3 Ba6 40. Be2 h6
41. g5+ hxg5+ 42. hxg5+ Ke6 43. Ke4 Bb7+ 44. Kf4 Bc6 45. Bd1 Bd5 46. Bc2
1/2-1/2